ESTABLISHMENT AND DEVELOPMENT OF AUTOMOTIVE INDUSTRIES IN DEVELOPING COUNTIRES PART-1 REPORT OF THE SEMINAR (Record no. 584148)

000 -LEADER
fixed length control field 00334nam a22001097a 4500
082 ## - DEWEY DECIMAL CLASSIFICATION NUMBER
Classification number 62.207 EST'U
100 ## - MAIN ENTRY--PERSONAL NAME
Personal name UNITED NATIONS
9 (RLIN) 20028
245 ## - TITLE STATEMENT
Title ESTABLISHMENT AND DEVELOPMENT OF AUTOMOTIVE INDUSTRIES IN DEVELOPING COUNTIRES PART-1 REPORT OF THE SEMINAR
260 ## - PUBLICATION, DISTRIBUTION, ETC.
Place of publication, distribution, etc. NEWYORK
Name of publisher, distributor, etc. UNITED NATIONS
Date of publication, distribution, etc. 1970
300 ## - PHYSICAL DESCRIPTION
Extent 123P
942 ## - ADDED ENTRY ELEMENTS (KOHA)
Koha item type Book
Holdings
Withdrawn status Lost status Damaged status Not for loan Permanent Location Current Location Shelving location Date acquired Total Checkouts Full call number Barcode Date last seen Price effective from Koha item type
        College of Electrical & Mechanical Engineering (CEME) College of Electrical & Mechanical Engineering (CEME) General Stacks 07/03/2017   62.207 EST'U CEME-7090 06/28/2021 06/28/2021 Book
© 2023 Central Library, National University of Sciences and Technology. All Rights Reserved.